[Event "Vellmar op 10th"]
[Site "Vellmar"]
[Date "2018.07.14"]
[Round "5"]
[White "Hagedorn, Alfons"]
[Black "Pfitzenreuter, Gerald"]
[Result "0-1"]
[WhiteElo "1922"]
[BlackElo "2071"]
[PlyCount "70"]
[EventDate "2018.07.12"]
[EventType "swiss"]
[EventRounds "7"]
[EventCountry "GER"]
[SourceTitle "CBM 185 Extra"]
[Source "ChessBase"]
[SourceDate "2018.07.29"]
[SourceVersion "1"]
[SourceVersionDate "2018.07.29"]
[SourceQuality "1"]

1. e4 c5 2. Nf3 d6 3. d3 g6 4. g3 Bg7 5. Bg2 Nc6 6. c3 e6 7. 0-0 Nge7 8. Nbd2 0-0 9. h4 Rb8 10. Re1 b5 11. Nf1 b4 12. Bd2 bxc3 13. Bxc3 Nd4 14. N1h2 Nec6 15. Rb1 Qb6 16. Qd2 Qa6 17. a3 Nb3 18. Qf4 Ncd4 19. Bf1 e5 20. Qe3 Nc2 21. Qe2 Nxe1 22. Qxe1 Qc6 23. Qd1 h5 24. Be2 Bh6 25. Nd2 Be6 26. Bxh5 gxh5 27. Qxh5 Kg7 28. g4 Bf4 29. g5 Rh8 30. Qf3 Rxh4 31. Nxb3 Bxh2+ 32. Kf1 Bxb3 33. Qf6+ Kg8 34. g6 Rg4 35. Qxf7+ Bxf7 0-1

[Event "Vellmar op 10th"]
[Site "Vellmar"]
[Date "2018.07.13"]
[Round "3"]
[White "Kersten, Uwe"]
[Black "Hagedorn, Alfons"]
[Result "1-0"]
[WhiteElo "2237"]
[BlackElo "1922"]
[PlyCount "73"]
[EventDate "2018.07.12"]
[EventType "swiss"]
[EventRounds "7"]
[EventCountry "GER"]
[SourceTitle "CBM 185 Extra"]
[Source "ChessBase"]
[SourceDate "2018.07.29"]
[SourceVersion "1"]
[SourceVersionDate "2018.07.29"]
[SourceQuality "1"]

1. e4 c5 2. Nf3 Nc6 3. d4 cxd4 4. Nxd4 Nf6 5. Nc3 d6 6. Bg5 h6 7. Bxf6 gxf6 8. Qd2 Bd7 9. 0-0-0 h5 10. Nf5 Qa5 11. Bd3 Nb4 12. Kb1 Bxf5 13. exf5 Bh6 14. Qe2 Rc8 15. a3 Nxd3 16. Qxd3 Rg8 17. Nd5 Rc5 18. Nxe7 Rxg2 19. Qf3 Rxf2 20. Qxf2 Kxe7 21. Rhe1+ Re5 22. Rxe5+ dxe5 23. Qh4 Bd2 24. b4 Qd5 25. Qf2 Be3 26. Rxd5 Bxf2 27. c4 h4 28. h3 Bd4 29. Kc2 b6 30. c5 bxc5 31. bxc5 Bf2 32. Kd3 Bg1 33. a4 Bf2 34. Ke2 Bg1 35. a5 Ke8 36. c6 Ke7 37. c7 1-0

[Event "Korbach op 9th"]
[Site "Korbach"]
[Date "2017.10.20"]
[Round "3"]
[White "Hagedorn, Alfons"]
[Black "Boehme, Jonas"]
[Result "1-0"]
[WhiteElo "1923"]
[BlackElo "1675"]
[PlyCount "57"]
[EventDate "2017.10.19"]
[EventType "swiss"]
[EventRounds "7"]
[EventCountry "GER"]
[SourceTitle "CBM 181 Extra"]
[Source "ChessBase"]
[SourceDate "2017.12.12"]
[SourceVersion "1"]
[SourceVersionDate "2017.12.12"]
[SourceQuality "1"]

1. Nf3 f5 2. d3 Nc6 3. e4 fxe4 4. dxe4 d6 5. Bc4 Nf6 6. 0-0 Bg4 7. Nc3 Ne5 8. Be2 Ng6 9. Ng5 Bxe2 10. Qxe2 h6 11. Nf3 Qd7 12. Rd1 e5 13. Qc4 0-0-0 14. Be3 Qg4 15. h3 Qh5 16. Nb5 Rd7 17. Nxa7+ Kd8 18. Nb5 Nf4 19. Bxf4 exf4 20. e5 d5 21. Qxf4 Ne4 22. e6 Bc5 23. Nbd4 g5 24. Qg4 Qxg4 25. hxg4 Re7 26. Ne5 Rhh7 27. Ng6 Bxd4 28. Rxd4 Rxe6 29. Nf8 1-0

[Event "Lippe Cup-A 08th"]
[Site "Lieme"]
[Date "2011.10.30"]
[Round "5"]
[White "Hagedorn, Alfons"]
[Black "Abbasov, Amil"]
[Result "1-0"]
[WhiteElo "1945"]
[BlackElo "1683"]
[PlyCount "49"]
[EventDate "2011.10.28"]
[EventType "swiss"]
[EventRounds "5"]
[EventCountry "GER"]
[SourceTitle "EXT 2012"]
[Source "ChessBase"]
[SourceDate "2011.11.24"]
[SourceVersion "1"]
[SourceVersionDate "2011.11.24"]
[SourceQuality "1"]

1. e4 d5 2. exd5 Nf6 3. Bc4 Nxd5 4. Qf3 e6 5. Nc3 c6 6. Nh3 Nd7 7. d4 h6 8. 0-0 N7f6 9. Re1 Bd6 10. Nxd5 cxd5 11. Bd3 0-0 12. c3 Nd7 13. Bc2 Rb8 14. Nf4 Re8 15. Nh5 Be7 16. Qd3 Nf8 17. Nxg7 Kxg7 18. Qg3+ Ng6 19. Qxb8 Qb6 20. Qg3 Bd6 21. Qh3 Rh8 22. Qh5 Be7 23. g3 Qc7 24. Be3 a6 25. Qf3 1-0

[Event "Lippe Cup-A 08th"]
[Site "Lieme"]
[Date "2011.10.30"]
[Round "4"]
[White "Neukoetter, Moritz"]
[Black "Hagedorn, Alfons"]
[Result "1-0"]
[WhiteElo "1784"]
[BlackElo "1945"]
[PlyCount "59"]
[EventDate "2011.10.28"]
[EventType "swiss"]
[EventRounds "5"]
[EventCountry "GER"]
[SourceTitle "EXT 2012"]
[Source "ChessBase"]
[SourceDate "2011.11.24"]
[SourceVersion "1"]
[SourceVersionDate "2011.11.24"]
[SourceQuality "1"]

1. e4 d5 2. exd5 Qxd5 3. Nc3 Qa5 4. d4 c6 5. Nf3 Nf6 6. Bc4 Bf5 7. 0-0 e6 8. Qe2 Nbd7 9. Re1 Bg4 10. h3 h5 11. hxg4 hxg4 12. Ne5 Bd6 13. Nxf7 Bh2+ 14. Kf1 Be5 15. Nxh8 0-0-0 16. Nf7 Bxd4 17. Nxd8 Qh5 18. Qd3 Bxf2 19. Kxf2 g3+ 20. Qxg3 Qc5+ 21. Be3 Qxc4 22. Nf7 Qb4 23. Nd6+ Kd8 24. Nde4 Qxb2 25. Nxf6 Nxf6 26. Rad1+ Kc8 27. Qd6 Qxc2+ 28. Kg1 Nd5 29. Nxd5 exd5 30. Bf4 1-0

[Event "Lippe Cup-A 08th"]
[Site "Lieme"]
[Date "2011.10.29"]
[Round "2"]
[White "Lueckner, Andreas"]
[Black "Hagedorn, Alfons"]
[Result "1/2-1/2"]
[WhiteElo "1844"]
[BlackElo "1945"]
[PlyCount "26"]
[EventDate "2011.10.28"]
[EventType "swiss"]
[EventRounds "5"]
[EventCountry "GER"]
[SourceTitle "EXT 2012"]
[Source "ChessBase"]
[SourceDate "2011.11.24"]
[SourceVersion "1"]
[SourceVersionDate "2011.11.24"]
[SourceQuality "1"]

1. Nf3 c5 2. c4 Nf6 3. Nc3 Nc6 4. d4 cxd4 5. Nxd4 e6 6. g3 d5 7. Bg2 Bc5 8. Nb3 Bb4 9. cxd5 exd5 10. 0-0 Be6 11. Bg5 Bxc3 12. bxc3 h6 13. Be3 0-0 1/2-1/2

[Event "Moehnesee Cup-A 37th"]
[Site "Moehnesee"]
[Date "2011.09.01"]
[Round "1"]
[White "Buddensiek, Uwe"]
[Black "Hagedorn, Alfons"]
[Result "0-1"]
[WhiteElo "2159"]
[BlackElo "1958"]
[PlyCount "42"]
[EventDate "2011.09.01"]
[EventType "swiss"]
[EventRounds "7"]
[EventCountry "GER"]
[SourceTitle "EXT 2013"]
[Source "ChessBase"]
[SourceDate "2012.11.22"]
[SourceVersion "1"]
[SourceVersionDate "2012.11.22"]
[SourceQuality "1"]

1. d4 d5 2. c4 Bf5 3. Nc3 e6 4. Bf4 Nf6 5. e3 Bd6 6. Bxd6 Qxd6 7. Qb3 Qb6 8. Qa3 Nc6 9. cxd5 Nxd5 10. Bb5 Nxc3 11. Bxc6+ Qxc6 12. Qxc3 Qxg2 13. Qxc7 Qxh1 14. Qg3 0-0 15. f3 Rac8 16. e4 Bxe4 17. fxe4 Qxe4+ 18. Kf1 Qxd4 19. Ne2 Qxb2 20. Re1 Qf6+ 21. Kg2 Qg6 0-1

[Event "Dortmund Sparkassen op-A"]
[Site "Dortmund"]
[Date "2011.07.30"]
[Round "8"]
[White "Hagedorn, Alfons"]
[Black "Zwielich, Frank"]
[Result "0-1"]
[WhiteElo "1958"]
[BlackElo "2056"]
[PlyCount "48"]
[EventDate "2011.07.23"]
[EventType "swiss"]
[EventRounds "9"]
[EventCountry "GER"]
[SourceTitle "CBM 143 Extra"]
[Source "ChessBase"]
[SourceDate "2011.08.29"]
[SourceVersion "1"]
[SourceVersionDate "2011.08.29"]
[SourceQuality "1"]

1. e4 c5 2. Nf3 g6 3. Bc4 Bg7 4. e5 Nc6 5. Qe2 Qc7 6. 0-0 Nxe5 7. Nc3 Nxc4 8. Qxc4 Qc6 9. Re1 d6 10. Ng5 e6 11. Qf4 Nf6 12. Nce4 Ke7 13. b4 h6 14. Bb2 e5 15. Nxd6 hxg5 16. Nxc8+ Raxc8 17. Rxe5+ Kf8 18. Rxg5 cxb4 19. Qxb4+ Kg8 20. d4 Ne4 21. Rg4 Qd6 22. Qxb7 Qxh2+ 23. Kf1 Rxc2 24. Qb8+ Qxb8 0-1

[Event "Moehnesee Cup 36th"]
[Site "Moehnesee"]
[Date "2010.08.29"]
[Round "7"]
[White "Budelsky, Dietmar"]
[Black "Hagedorn, Alfons"]
[Result "1/2-1/2"]
[WhiteElo "2015"]
[BlackElo "1933"]
[PlyCount "48"]
[EventDate "2010.08.26"]
[EventType "swiss"]
[EventRounds "7"]
[EventCountry "GER"]
[SourceTitle "EXT 2011"]
[Source "ChessBase"]
[SourceDate "2010.11.26"]
[SourceVersion "1"]
[SourceVersionDate "2010.11.26"]
[SourceQuality "1"]

1. d4 d5 2. Nf3 Nf6 3. Bg5 e6 4. e3 Be7 5. Nbd2 0-0 6. Bd3 Nbd7 7. 0-0 b6 8. c3 c5 9. Qa4 c4 10. Bb1 a5 11. e4 dxe4 12. Bxe4 Nxe4 13. Nxe4 Bxg5 14. Nexg5 h6 15. Ne4 Qc7 16. Rfe1 Ba6 17. Rad1 b5 18. Qc2 Bb7 19. Ne5 Nxe5 20. dxe5 Bd5 21. f4 b4 22. Re3 f5 23. Nd6 b3 24. axb3 cxb3 1/2-1/2

[Event "Dortmund Sparkassen op-B"]
[Site "Dortmund"]
[Date "2010.07.25"]
[Round "9"]
[White "Hagedorn, Alfons"]
[Black "Regber, Karl Heinz"]
[Result "0-1"]
[WhiteElo "1983"]
[BlackElo "1647"]
[PlyCount "48"]
[EventDate "2010.07.17"]
[EventType "swiss"]
[EventRounds "9"]
[EventCountry "GER"]
[SourceTitle "EXT 2014"]
[Source "ChessBase"]
[SourceDate "2013.11.20"]
[SourceVersion "1"]
[SourceVersionDate "2013.11.20"]
[SourceQuality "1"]

1. e4 e6 2. d4 d5 3. exd5 exd5 4. Nf3 Bd6 5. Bd3 Bg4 6. Be3 Ne7 7. Nc3 c6 8. Qe2 0-0 9. Bxh7+ Kh8 10. Bd3 b5 11. h3 Bf5 12. Ng5 g6 13. Bxf5 Nxf5 14. g4 Nxe3 15. Qxe3 Qf6 16. Ne2 Nd7 17. Nf3 Rfe8 18. Qh6+ Kg8 19. Ng5 Nf8 20. Kf1 Rxe2 21. Kxe2 Re8+ 22. Kd1 Qxf2 23. Ne6 Rxe6 24. c3 Bf4 0-1

[Event "Dortmund Sparkassen op-B"]
[Site "Dortmund"]
[Date "2010.07.24"]
[Round "8"]
[White "Walter, Julian"]
[Black "Hagedorn, Alfons"]
[Result "0-1"]
[WhiteElo "1925"]
[BlackElo "1983"]
[PlyCount "34"]
[EventDate "2010.07.17"]
[EventType "swiss"]
[EventRounds "9"]
[EventCountry "GER"]
[SourceTitle "EXT 2014"]
[Source "ChessBase"]
[SourceDate "2013.11.20"]
[SourceVersion "1"]
[SourceVersionDate "2013.11.20"]
[SourceQuality "1"]

1. d4 d5 2. Nf3 Nf6 3. c4 Bf5 4. Qb3 Nc6 5. Bf4 e5 6. dxe5 dxc4 7. Qa4 Nd5 8. Bg5 f6 9. Bd2 Nb6 10. Qd1 fxe5 11. Nc3 e4 12. Ng5 Qe7 13. Qb1 0-0-0 14. Ngxe4 Qd7 15. g3 Bb4 16. Qc1 Rhe8 17. Ng5 Nd4 0-1

[Event "Dortmund Sparkassen op-B"]
[Site "Dortmund"]
[Date "2010.07.23"]
[Round "7"]
[White "Hagedorn, Alfons"]
[Black "Barth, Hans Joachim"]
[Result "0-1"]
[WhiteElo "1983"]
[BlackElo "1719"]
[PlyCount "115"]
[EventDate "2010.07.17"]
[EventType "swiss"]
[EventRounds "9"]
[EventCountry "GER"]
[SourceTitle "EXT 2014"]
[Source "ChessBase"]
[SourceDate "2013.11.20"]
[SourceVersion "1"]
[SourceVersionDate "2013.11.20"]
[SourceQuality "1"]

1. e4 g6 2. d4 Bg7 3. Nf3 d6 4. Bc4 Nf6 5. Qe2 0-0 6. Nc3 c6 7. Bg5 b5 8. Bd3 Qa5 9. 0-0 Bg4 10. e5 dxe5 11. dxe5 Nfd7 12. Bxe7 Re8 13. Bd6 Nxe5 14. Ne4 Nbd7 15. Qd2 Nxf3+ 16. gxf3 Qxd2 17. Nxd2 Bh3 18. Rfb1 Ne5 19. Bf1 Bf5 20. Re1 Rad8 21. Bxe5 Rxe5 22. Ne4 Rde8 23. Bg2 Bd7 24. Red1 Rd5 25. c3 f5 26. Ng3 Re7 27. f4 Rxd1+ 28. Rxd1 Kf8 29. Kf1 c5 30. Bf3 Bh6 31. Rd5 Be6 32. Rxc5 Bxa2 33. Rc8+ Kg7 34. Be2 Bxf4 35. Bxb5 Bc1 36. b4 Bd2 37. Ne2 f4 38. Kg2 g5 39. Nd4 Bd5+ 40. f3 Kf7 41. Bc4 Bxc4 42. Rxc4 h5 43. Rc6 Re3 44. Rc7+ Kf6 45. Rc6+ Kf7 46. Nb5 Re2+ 47. Kf1 Rxh2 48. Rc7+ Kf8 49. Nxa7 g4 50. Rc8+ Kg7 51. Rc7+ Kg6 52. Rc6+ Kg5 53. Rc5+ Kh4 54. fxg4 hxg4 55. b5 Kg3 56. b6 Kf3 57. Kg1 g3 58. Rd5 0-1

[Event "Dortmund Sparkassen op-B"]
[Site "Dortmund"]
[Date "2010.07.22"]
[Round "6"]
[White "Herms, Stefan"]
[Black "Hagedorn, Alfons"]
[Result "0-1"]
[WhiteElo "1931"]
[BlackElo "1983"]
[PlyCount "84"]
[EventDate "2010.07.17"]
[EventType "swiss"]
[EventRounds "9"]
[EventCountry "GER"]
[SourceTitle "EXT 2014"]
[Source "ChessBase"]
[SourceDate "2013.11.20"]
[SourceVersion "1"]
[SourceVersionDate "2013.11.20"]
[SourceQuality "1"]

1. e4 d5 2. exd5 Qxd5 3. Nc3 Qa5 4. d4 c6 5. Nf3 Nf6 6. Bc4 Bf5 7. Bd2 e6 8. Nd5 Qd8 9. Nxf6+ gxf6 10. Bf4 Rg8 11. g3 Be4 12. c3 Bd6 13. Bxd6 Qxd6 14. Qe2 f5 15. Rf1 Nd7 16. Nd2 Bd5 17. f3 0-0-0 18. 0-0-0 Nb6 19. Bxd5 cxd5 20. f4 Qc6 21. Kb1 Kb8 22. Rf2 Rc8 23. Qd3 Qa4 24. Qc2 Qc6 25. Qd3 Rc7 26. Rc1 Rgc8 27. Rc2 Qa4 28. Ka1 Rc6 29. Nb1 Nd7 30. b3 Qa5 31. c4 dxc4 32. bxc4 Qa6 33. Qa3 Rxc4 34. Rxc4 Qxc4 35. Qd6+ Qc7 36. Qb4 Nf6 37. Rb2 Nd5 38. Qa3 Nb6 39. Qb4 Nd5 40. Qa3 Ne7 41. Qf3 Nc6 42. d5 Nd4 0-1

[Event "Dortmund Sparkassen op-B"]
[Site "Dortmund"]
[Date "2010.07.20"]
[Round "4"]
[White "Ropers, Klaus"]
[Black "Hagedorn, Alfons"]
[Result "1-0"]
[WhiteElo "1865"]
[BlackElo "1983"]
[PlyCount "85"]
[EventDate "2010.07.17"]
[EventType "swiss"]
[EventRounds "9"]
[EventCountry "GER"]
[SourceTitle "EXT 2014"]
[Source "ChessBase"]
[SourceDate "2013.11.20"]
[SourceVersion "1"]
[SourceVersionDate "2013.11.20"]
[SourceQuality "1"]

1. d4 d6 2. c4 Nf6 3. Nc3 g6 4. g3 Bg7 5. Bg2 0-0 6. Nf3 Nc6 7. d5 Na5 8. Nd2 Ng4 9. Qc2 c5 10. 0-0 Ne5 11. b3 f5 12. e3 g5 13. f4 Ng4 14. Nf3 gxf4 15. exf4 b5 16. cxb5 Bd7 17. h3 Nf6 18. Ng5 Ne4 19. Ngxe4 fxe4 20. Bb2 Bd4+ 21. Kh2 e6 22. Bxe4 Rf7 23. Bd3 Qf8 24. Ne4 Qg7 25. Bxd4 Qxd4 26. Ng5 Rf6 27. Bxh7+ Kg7 28. Rad1 Qb4 29. Rfe1 e5 30. Re3 exf4 31. Re4 fxg3+ 32. Kxg3 Qxb5 33. Re7+ Kf8 34. Bd3 Bf5 35. Re3 Bxd3 36. Rdxd3 Qd7 37. Re6 Rxe6 38. Nxe6+ Kg8 39. Rf3 Qh7 40. Qf2 Qh6 41. Rf4 Re8 42. Rg4+ Kh7 43. Qf7+ 1-0

[Event "Dortmund Sparkassen op-B"]
[Site "Dortmund"]
[Date "2010.07.18"]
[Round "2"]
[White "Kartsev, Nikolaj"]
[Black "Hagedorn, Alfons"]
[Result "0-1"]
[WhiteElo "886"]
[BlackElo "1983"]
[PlyCount "60"]
[EventDate "2010.07.17"]
[EventType "swiss"]
[EventRounds "9"]
[EventCountry "GER"]
[SourceTitle "EXT 2014"]
[Source "ChessBase"]
[SourceDate "2013.11.20"]
[SourceVersion "1"]
[SourceVersionDate "2013.11.20"]
[SourceQuality "1"]

1. e4 c5 2. c3 Nc6 3. Nf3 d5 4. exd5 Qxd5 5. d3 Bg4 6. Be2 e5 7. c4 Qd7 8. Nc3 Nf6 9. 0-0 Be7 10. h3 Bf5 11. Re1 0-0-0 12. Bg5 h6 13. Bxf6 gxf6 14. Qc2 Bxh3 15. gxh3 Qxh3 16. Nh2 Rhg8+ 17. Bg4+ f5 18. f3 fxg4 19. fxg4 Bh4 20. Rf1 Rxd3 21. Rxf7 Rxg4+ 22. Kh1 Rf4 23. Rh7 Rf2 24. Qxf2 Bxf2 25. Rf1 Bg3 26. Rf8+ Nd8 27. Kg1 Bxh2+ 28. Kf2 Qe3+ 29. Kg2 Rd2+ 30. Kf1 Qg1# 0-1

[Event "Vellmar op-A 2nd"]
[Site "Vellmar"]
[Date "2010.07.11"]
[Round "7"]
[White "Hagedorn, Alfons"]
[Black "Krausse, Eckhard"]
[Result "1-0"]
[WhiteElo "1953"]
[BlackElo "1998"]
[PlyCount "71"]
[EventDate "2010.07.08"]
[EventType "swiss"]
[EventRounds "7"]
[EventCountry "GER"]
[SourceTitle "EXT 2011"]
[Source "ChessBase"]
[SourceDate "2010.11.26"]
[SourceVersion "1"]
[SourceVersionDate "2010.11.26"]
[SourceQuality "1"]

1. e4 c5 2. Nf3 d6 3. Bb5+ Bd7 4. Bxd7+ Nxd7 5. 0-0 Ngf6 6. Qe2 e5 7. Nc3 Be7 8. d3 0-0 9. Ne1 a6 10. f4 exf4 11. Bxf4 b5 12. a4 Qb6 13. a5 Qc6 14. Qf3 Ne5 15. Bxe5 dxe5 16. Qf5 c4 17. Qxe5 Rae8 18. Qg3 Qe6 19. Nf3 Ng4 20. Nd5 Qc8 21. h3 Nf6 22. Nxe7+ Rxe7 23. Ng5 Qc5+ 24. Kh1 Re5 25. Nf3 Re6 26. Nh4 Nh5 27. Qg4 Nf6 28. Qf3 Qg5 29. Nf5 h5 30. Qg3 Qxg3 31. Nxg3 cxd3 32. cxd3 Rd8 33. Rad1 g6 34. Ne2 b4 35. Rc1 Rxd3 36. Nf4 1-0

[Event "Vellmar op-A 2nd"]
[Site "Vellmar"]
[Date "2010.07.11"]
[Round "6"]
[White "Naumann, Thomas"]
[Black "Hagedorn, Alfons"]
[Result "0-1"]
[WhiteElo "1647"]
[BlackElo "1953"]
[PlyCount "76"]
[EventDate "2010.07.08"]
[EventType "swiss"]
[EventRounds "7"]
[EventCountry "GER"]
[SourceTitle "EXT 2011"]
[Source "ChessBase"]
[SourceDate "2010.11.26"]
[SourceVersion "1"]
[SourceVersionDate "2010.11.26"]
[SourceQuality "1"]

1. d4 d5 2. Nf3 Nf6 3. c4 e6 4. e3 Bb4+ 5. Bd2 Bxd2+ 6. Nbxd2 0-0 7. Be2 Nbd7 8. 0-0 dxc4 9. Nxc4 Nb6 10. Nxb6 axb6 11. Qb3 Bd7 12. Rfc1 Nd5 13. Ne5 Ba4 14. Qc4 c6 15. b3 Bb5 16. Qc2 Bxe2 17. Qxe2 f6 18. Nd3 Qd6 19. Nb2 e5 20. e4 Nf4 21. Qc4+ Kh8 22. dxe5 fxe5 23. f3 Qg6 24. Qf1 Rad8 25. Rd1 Qg5 26. Rxd8 Rxd8 27. Rd1 h5 28. Rxd8+ Qxd8 29. Nc4 Qd4+ 30. Kh1 b5 31. Na5 Nd3 32. g3 g5 33. h3 g4 34. h4 Nf2+ 35. Kg2 gxf3+ 36. Kxf3 Nxe4 37. Kg2 Qd2+ 38. Kg1 Qe3+ 0-1

[Event "Vellmar op-A 2nd"]
[Site "Vellmar"]
[Date "2010.07.10"]
[Round "4"]
[White "Schreyer, Klaus"]
[Black "Hagedorn, Alfons"]
[Result "0-1"]
[WhiteElo "1886"]
[BlackElo "1953"]
[PlyCount "94"]
[EventDate "2010.07.08"]
[EventType "swiss"]
[EventRounds "7"]
[EventCountry "GER"]
[SourceTitle "EXT 2011"]
[Source "ChessBase"]
[SourceDate "2010.11.26"]
[SourceVersion "1"]
[SourceVersionDate "2010.11.26"]
[SourceQuality "1"]

1. d4 d5 2. c4 e6 3. Nf3 Nf6 4. Nc3 Be7 5. Qc2 dxc4 6. e3 b6 7. Bxc4 Bb7 8. Ne5 0-0 9. 0-0 Nbd7 10. Rd1 Bd6 11. Bb5 a6 12. Bc6 Qc8 13. Ne4 Nxe5 14. Nxf6+ gxf6 15. dxe5 Bxe5 16. e4 Bxc6 17. Qxc6 Qe8 18. Qc2 Kh8 19. f4 Bd6 20. Be3 Rd8 21. Rd3 Rg8 22. Rad1 e5 23. f5 Qe7 24. Qc6 Rb8 25. b4 Qe8 26. Qc1 Qa4 27. a3 a5 28. Bf2 axb4 29. Bh4 Be7 30. Qh6 Qc6 31. Rh3 Rg7 32. axb4 Qxe4 33. Rf3 Qxf3 34. Qxg7+ Kxg7 35. gxf3 Rd8 36. Rc1 c5 37. b5 Rd2 38. Rb1 c4 39. Bf2 c3 40. Kf1 c2 41. Re1 Rd1 42. Be3 Ba3 43. Ke2 Rxe1+ 44. Kxe1 c1Q+ 45. Bxc1 Bxc1 46. Ke2 Kf8 47. Kd3 Ke7 0-1

[Event "Lippe Cup 06th"]
[Site "Lieme"]
[Date "2009.10.17"]
[Round "2"]
[White "Hagedorn, Alfons"]
[Black "Kopp, Daniel"]
[Result "0-1"]
[WhiteElo "1958"]
[BlackElo "1741"]
[PlyCount "99"]
[EventDate "2009.10.16"]
[EventType "swiss"]
[EventRounds "5"]
[EventCountry "GER"]
[SourceTitle "EXT 2012"]
[Source "ChessBase"]
[SourceDate "2011.11.24"]
[SourceVersion "1"]
[SourceVersionDate "2011.11.24"]
[SourceQuality "1"]

1. e4 e5 2. Nf3 Nc6 3. Bc4 Bc5 4. c3 Nf6 5. d4 exd4 6. e5 d5 7. Bb5 Ne4 8. cxd4 Bb4+ 9. Bd2 Nxd2 10. Bxc6+ bxc6 11. Nbxd2 0-0 12. 0-0 c5 13. a3 Bxd2 14. Qxd2 cxd4 15. Qxd4 c6 16. Rac1 Bd7 17. b4 Qb6 18. Qh4 a5 19. Qe7 Ra7 20. h4 axb4 21. axb4 Rb7 22. Qg5 h6 23. Qh5 Rfb8 24. Rfd1 Qxb4 25. Nd4 c5 26. Nf5 Bxf5 27. Qxf5 d4 28. e6 fxe6 29. Qxe6+ Kh8 30. Qc6 Rb5 31. Re1 d3 32. h5 R5b6 33. Re8+ Rxe8 34. Qxe8+ Kh7 35. Qe3 Rd6 36. Rd1 d2 37. g3 Qd4 38. Qf3 Qd5 39. Qc3 c4 40. g4 Qd3 41. Qe5 Rd8 42. Rxd2 Qxd2 43. Qe4+ Kh8 44. Qxc4 Qd1+ 45. Kh2 Qf3 46. Qa2 Qxg4 47. Qf7 Qd7 48. Qa2 Rf8 49. f3 Qf7 50. Kg1 0-1

[Event "Vellmar op 1st"]
[Site "Vellmar"]
[Date "2009.08.01"]
[Round "4"]
[White "Austein, Hartmut"]
[Black "Hagedorn, Alfons"]
[Result "0-1"]
[WhiteElo "1895"]
[BlackElo "1953"]
[PlyCount "123"]
[EventDate "2009.07.30"]
[EventType "swiss"]
[EventRounds "7"]
[EventCountry "GER"]
[SourceTitle "EXT 2018"]
[Source "ChessBase"]
[SourceDate "2017.10.13"]
[SourceVersion "1"]
[SourceVersionDate "2017.10.13"]
[SourceQuality "1"]

1. d4 d5 2. Nc3 Bf5 3. f3 e6 4. e4 dxe4 5. fxe4 Bg6 6. Nf3 Bb4 7. Bd3 Nc6 8. Be3 h6 9. 0-0 Bxc3 10. bxc3 Nf6 11. e5 Bxd3 12. Qxd3 Nd5 13. Bd2 Qd7 14. Rab1 b6 15. Kh1 Rd8 16. Nh4 g5 17. Nf3 Nde7 18. Rf2 Ng6 19. Rbf1 Ngxe5 20. Nxe5 Nxe5 21. dxe5 Qxd3 22. cxd3 Rxd3 23. Bc1 Rh7 24. Rd2 Rxc3 25. Bb2 Rc4 26. Rfd1 Kf8 27. h3 Kg7 28. Rc1 Rxc1+ 29. Bxc1 Rh8 30. Rd7 Rc8 31. Ba3 a5 32. Kg1 Kg6 33. Kf2 b5 34. Ke3 c5 35. Ra7 a4 36. Bb2 Rd8 37. Ke2 c4 38. Rb7 Rd5 39. Rb6 h5 40. a3 Kf5 41. Rb7 Kg6 42. g4 h4 43. Rb8 Kg7 44. Bc1 Rxe5+ 45. Kf3 Rd5 46. Bb2+ f6 47. Rb6 Rd3+ 48. Ke4 Rb3 49. Bd4 e5 50. Bc5 Rxh3 51. Rb7+ Kg8 52. Kf5 Rd3 53. Kg6 Rd8 54. Rg7+ Kh8 55. Be7 Rg8 56. Bxf6 Rxg7+ 57. Bxg7+ Kg8 58. Bxe5 h3 59. Kxg5 c3 60. Kh4 c2 61. Kxh3 c1Q 62. Bd6 0-1

[Event "Vellmar op 1st"]
[Site "Vellmar"]
[Date "2009.07.30"]
[Round "1"]
[White "Hagedorn, Alfons"]
[Black "Cherny, Andrey"]
[Result "0-1"]
[WhiteElo "1953"]
[BlackElo "2204"]
[PlyCount "82"]
[EventDate "2009.07.30"]
[EventType "swiss"]
[EventRounds "7"]
[EventCountry "GER"]
[SourceTitle "EXT 2018"]
[Source "ChessBase"]
[SourceDate "2017.10.13"]
[SourceVersion "1"]
[SourceVersionDate "2017.10.13"]
[SourceQuality "1"]

1. e4 c5 2. Nf3 d6 3. Bb5+ Nc6 4. d4 cxd4 5. Bxc6+ bxc6 6. Qxd4 e5 7. Qa4 Qc7 8. Nc3 Bd7 9. 0-0 h6 10. Be3 Nf6 11. Qc4 Be6 12. Qe2 Be7 13. Rad1 0-0 14. Bc1 Rad8 15. h3 Nh7 16. Nh2 f5 17. f4 fxe4 18. Nxe4 d5 19. Nf2 e4 20. Nfg4 Qb6+ 21. Kh1 Bc8 22. Ne5 Bc5 23. c4 Nf6 24. Nhg4 Bf5 25. Nxf6+ Rxf6 26. Qh5 e3 27. Rf3 d4 28. Rg3 d3 29. Ng4 Bxg4 30. Qxg4 Rf7 31. Bxe3 Bxe3 32. Qe6 Bxf4 33. Rf3 c5 34. Qg4 Qc7 35. Rfxd3 Rxd3 36. Rxd3 Be5 37. Qe2 Bd4 38. Qe6 Qf4 39. Rf3 Qc1+ 40. Kh2 Qg1+ 41. Kg3 Bf2+ 0-1

[Event "Lippe Cup 05th"]
[Site "Lieme"]
[Date "2008.09.28"]
[Round "5"]
[White "Hagedorn, Alfons"]
[Black "Stork, Joachim"]
[Result "0-1"]
[WhiteElo "1942"]
[BlackElo "2041"]
[PlyCount "84"]
[EventDate "2008.09.26"]
[EventType "swiss"]
[EventRounds "5"]
[EventCountry "GER"]
[SourceTitle "EXT 2012"]
[Source "ChessBase"]
[SourceDate "2011.11.24"]
[SourceVersion "1"]
[SourceVersionDate "2011.11.24"]
[SourceQuality "1"]

1. e4 d5 2. exd5 Qxd5 3. Nc3 Qa5 4. d4 c6 5. Bc4 Bf5 6. Nf3 e6 7. Qe2 Nf6 8. Bd2 Bb4 9. 0-0-0 Nbd7 10. a3 Bxc3 11. Bxc3 Qc7 12. Ne5 b5 13. Ba2 Ne4 14. Rd3 Nxe5 15. dxe5 c5 16. f3 Nxc3 17. Rxc3 a6 18. g4 Bg6 19. h4 h5 20. gxh5 Rxh5 21. f4 Rd8 22. Rg3 Qe7 23. Rg5 Rxg5 24. hxg5 Qd7 25. Qe3 Qc6 26. Rh8+ Ke7 27. Rxd8 Kxd8 28. Qd2+ Kc7 29. Qd1 Kc8 30. b3 Qd5 31. Qg1 Kd7 32. c3 Kc6 33. Qh2 c4 34. bxc4 bxc4 35. Qh3 Qe4 36. Qh2 Qe1+ 37. Kb2 Be4 38. a4 Kc5 39. a5 Kb5 40. g6 Bxg6 41. f5 Bxf5 42. Bxc4+ Kxc4 0-1

[Event "Lippe Cup 04th"]
[Site "Lieme"]
[Date "2007.09.30"]
[Round "4"]
[White "Hagedorn, Alfons"]
[Black "Azizi, Nassim"]
[Result "1-0"]
[WhiteElo "1827"]
[BlackElo "1706"]
[PlyCount "35"]
[EventDate "2007.09.28"]
[EventType "swiss"]
[EventRounds "5"]
[EventCountry "GER"]
[SourceTitle "EXT 2012"]
[Source "ChessBase"]
[SourceDate "2011.11.24"]
[SourceVersion "1"]
[SourceVersionDate "2011.11.24"]
[SourceQuality "1"]

1. e4 e6 2. d4 c5 3. Nf3 cxd4 4. Nxd4 Bc5 5. Be3 Qb6 6. Nb5 Bxe3 7. Nd6+ Kf8 8. fxe3 Qxe3+ 9. Be2 Ne7 10. Rf1 f6 11. Na3 a6 12. Nac4 Qc5 13. Qd2 b5 14. b4 Qc7 15. Rxf6+ Kg8 16. Qf4 Ng6 17. Rf8+ Nxf8 18. Qf7# 1-0